[Event "Russia Central-ch"]
[Site "Pushchino"]
[Date "2013.03.22"]
[Round "7"]
[White "Pecheritsa, Vitaly"]
[Black "Novikov, Maxim"]
[Result "1-0"]
[WhiteElo "2316"]
[BlackElo "2511"]
[PlyCount "51"]
[EventDate "2013.03.16"]
[EventType "swiss"]
[EventRounds "9"]
[EventCountry "RUS"]
[SourceTitle "EXT 2014"]
[Source "ChessBase"]
[SourceDate "2013.11.20"]
[SourceVersion "1"]
[SourceVersionDate "2013.11.20"]
[SourceQuality "1"]

1. e4 e5 2. Nf3 Nc6 3. Bc4 Bc5 4. 0-0 Nf6 5. d4 Bxd4 6. Nxd4 Nxd4 7. f4 d6 8. fxe5 dxe5 9. Bg5 Qe7 10. Na3 Be6 11. c3 Bxc4 12. Bxf6 gxf6 13. Nxc4 Ne6 14. Ne3 Qc5 15. Qd2 Rd8 16. Qf2 Nf4 17. Kh1 Rd3 18. Rae1 Rd6 19. Qf3 h5 20. g3 Ng6 21. Nf5 Rb6 22. Rd1 h4 23. Rd5 Qc4 24. Rfd1 0-0 25. b3 Qa6 26. Qh5 1-0

[Event "Tambov Korensky Memorial 19th"]
[Site "Tambov"]
[Date "2010.08.26"]
[Round "6"]
[White "Pecheritsa, Vitaly"]
[Black "Korensky, Sergey"]
[Result "1/2-1/2"]
[WhiteElo "2318"]
[BlackElo "2232"]
[PlyCount "77"]
[EventDate "2010.08.21"]
[EventType "swiss"]
[EventRounds "9"]
[EventCountry "RUS"]
[SourceTitle "EXT 2022"]
[Source "ChessBase"]
[SourceDate "2021.10.06"]
[SourceVersion "1"]
[SourceVersionDate "2021.10.06"]
[SourceQuality "1"]

1. e4 e5 2. Nf3 Nc6 3. Bb5 a6 4. Ba4 Nf6 5. Qe2 d6 6. c3 Bd7 7. 0-0 Be7 8. d4 b5 9. Bc2 0-0 10. d5 Na7 11. a4 c6 12. dxc6 Bxc6 13. axb5 axb5 14. Rd1 Qc7 15. Bg5 h6 16. Bxf6 Bxf6 17. Bb3 Rfb8 18. Bd5 Nc8 19. Rxa8 Rxa8 20. Na3 Rb8 21. Nc2 Nb6 22. Bxc6 Qxc6 23. Nb4 Qc4 24. Qc2 Rc8 25. Qb1 Be7 26. h3 Qe6 27. Qd3 Qc4 28. Qb1 Qe6 29. Nd5 Nxd5 30. Rxd5 Rc5 31. Qd3 Rxd5 32. Qxd5 Qxd5 33. exd5 f5 34. Kf1 Kf8 35. Ke2 Ke8 36. Kd2 Kd7 37. Kc2 Bd8 38. Nd2 Bb6 39. f3 1/2-1/2

[Event "Tambov Korensky Memorial 19th"]
[Site "Tambov"]
[Date "2010.08.23"]
[Round "3"]
[White "Pecheritsa, Vitaly"]
[Black "Uryupin, Igor Nikolaevich"]
[Result "1/2-1/2"]
[WhiteElo "2318"]
[BlackElo "2223"]
[PlyCount "24"]
[EventDate "2010.08.21"]
[EventType "swiss"]
[EventRounds "9"]
[EventCountry "RUS"]
[SourceTitle "EXT 2022"]
[Source "ChessBase"]
[SourceDate "2021.10.06"]
[SourceVersion "1"]
[SourceVersionDate "2021.10.06"]
[SourceQuality "1"]

1. e4 Nf6 2. e5 Nd5 3. d4 d6 4. Nf3 g6 5. Bc4 Nb6 6. Bb3 Bg7 7. Qe2 0-0 8. h3 Nc6 9. c3 dxe5 10. Nxe5 Nxe5 11. dxe5 Bf5 12. Bf4 c6 1/2-1/2

[Event "Chigorin Memorial 17th"]
[Site "St Petersburg"]
[Date "2009.10.22"]
[Round "7"]
[White "Korchmar, Vasiliy"]
[Black "Pecheritsa, Vitaly"]
[Result "1/2-1/2"]
[WhiteElo "2163"]
[BlackElo "2319"]
[PlyCount "143"]
[EventDate "2009.10.16"]
[EventType "swiss"]
[EventRounds "9"]
[EventCountry "RUS"]
[SourceTitle "CBM 132 Extra"]
[Source "ChessBase"]
[SourceDate "2009.11.03"]
[SourceVersion "1"]
[SourceVersionDate "2009.11.03"]
[SourceQuality "1"]

1. e4 c5 2. Nf3 e6 3. d4 cxd4 4. Nxd4 Nc6 5. Nc3 a6 6. g3 d6 7. Bg2 Bd7 8. Nb3 Nf6 9. 0-0 b5 10. a3 Be7 11. f4 Rc8 12. Be3 0-0 13. g4 b4 14. axb4 Nxb4 15. g5 Ne8 16. Rc1 Nc7 17. Qh5 g6 18. Qh4 f6 19. Qg3 fxg5 20. fxg5 e5 21. h4 Ne6 22. Rf2 Ng7 23. Rcf1 Rxf2 24. Qxf2 Be6 25. Rd1 Qc7 26. Bb6 Qb8 27. Ba7 Qa8 28. Be3 Rf8 29. Qd2 Qb8 30. Nc1 Nh5 31. N3e2 Nc6 32. c3 Na5 33. Nd3 Nc4 34. Qc1 Bg4 35. Re1 Nxe3 36. Qxe3 Bd8 37. Qd2 Qb6+ 38. Kh2 Kg7 39. Rf1 Rxf1 40. Bxf1 Qb7 41. Bg2 Qf7 42. Qe3 a5 43. Ng1 Be6 44. Bf3 Bc4 45. Be2 Bc7 46. Nf2 Bxe2 47. Nxe2 Bb8 48. Kg2 Ba7 49. Qf3 Qb7 50. Nd3 Qb6 51. Qg4 Qb7 52. Qf3 Kg8 53. Ng3 Ng7 54. Qf6 Qd7 55. Nf2 Bxf2 56. Qxf2 Qg4 57. Qb6 Nh5 58. Qd8+ Kf7 59. Qc7+ Kg8 60. Qd8+ Kf7 61. Qc7+ Ke8 62. Qc6+ Ke7 63. Qc7+ Qd7 64. Qxa5 Nf4+ 65. Kf3 Ne6 66. Qa8 Nd8 67. Qd5 Ne6 68. b4 Qc8 69. c4 Qf8+ 70. Kg4 Qc8 71. Kf3 Qf8+ 72. Kg4 1/2-1/2

[Event "Chigorin Memorial 17th"]
[Site "St Petersburg"]
[Date "2009.10.21"]
[Round "6"]
[White "Pecheritsa, Vitaly"]
[Black "Lintchevski, Daniil"]
[Result "0-1"]
[WhiteElo "2319"]
[BlackElo "2499"]
[PlyCount "129"]
[EventDate "2009.10.16"]
[EventType "swiss"]
[EventRounds "9"]
[EventCountry "RUS"]
[SourceTitle "CBM 132 Extra"]
[Source "ChessBase"]
[SourceDate "2009.11.03"]
[SourceVersion "1"]
[SourceVersionDate "2009.11.03"]
[SourceQuality "1"]

1. e4 c6 2. d4 d5 3. exd5 cxd5 4. c4 Nf6 5. Nc3 g6 6. cxd5 Bg7 7. Qb3 0-0 8. Be2 Nbd7 9. Bf3 Nb6 10. Bf4 Bf5 11. Rd1 Qd7 12. Nge2 Rad8 13. d6 exd6 14. 0-0 Bg4 15. Bxg4 Qxg4 16. a4 Rfe8 17. h3 Qf5 18. Bh2 Nfd5 19. a5 Nxc3 20. Nxc3 Qxa5 21. Ra1 Qf5 22. Nb5 Nc8 23. g4 Qf6 24. Nxa7 Qxd4 25. Nxc8 Rxc8 26. Qxb7 Qxb2 27. Qxb2 Bxb2 28. Rad1 Be5 29. f4 Bc3 30. Rxd6 Bb4 31. Rd3 Rc2 32. Kh1 Bc5 33. Bg1 Bxg1 34. Kxg1 Ree2 35. Rfd1 Rg2+ 36. Kh1 Rgf2 37. f5 gxf5 38. gxf5 Kg7 39. Rg3+ Kf6 40. Rgd3 Kxf5 41. Kg1 Rg2+ 42. Kh1 Rgf2 43. Kg1 h5 44. Rd5+ Kg6 45. R5d3 h4 46. Ra1 Rg2+ 47. Kh1 Rh2+ 48. Kg1 Rcg2+ 49. Kf1 Rb2 50. Kg1 f5 51. Raa3 Rhg2+ 52. Kf1 Rgc2 53. Re3 Kg5 54. Rad3 Rb1+ 55. Re1 Rxe1+ 56. Kxe1 Rg2 57. Rf3 Rg3 58. Ke2 Rxf3 59. Kxf3 Kg6 60. Ke3 Kf7 61. Kf3 Ke6 62. Kf4 Kf6 63. Ke3 Ke5 64. Kf3 f4 65. Kg4 0-1

[Event "Tambov Korensky Memorial 18th"]
[Site "Tambov"]
[Date "2009.08.24"]
[Round "3"]
[White "Sapunov, Evgeny"]
[Black "Pecheritsa, Vitaly"]
[Result "1-0"]
[WhiteElo "2473"]
[BlackElo "2319"]
[PlyCount "145"]
[EventDate "2009.08.22"]
[EventType "swiss"]
[EventRounds "9"]
[EventCountry "RUS"]
[SourceTitle "CBM 132 Extra"]
[Source "ChessBase"]
[SourceDate "2009.11.03"]
[SourceVersion "1"]
[SourceVersionDate "2009.11.03"]
[SourceQuality "1"]

1. d4 d5 2. Nf3 Nf6 3. c4 dxc4 4. e3 e6 5. Bxc4 c5 6. 0-0 a6 7. dxc5 Qxd1 8. Rxd1 Bxc5 9. Be2 Nc6 10. a3 Be7 11. b4 b5 12. Nbd2 0-0 13. Bb2 Bb7 14. Rac1 Rfd8 15. Nb3 Rxd1+ 16. Rxd1 Rd8 17. Rc1 Ne4 18. Ne1 Nd2 19. Nc5 Bxc5 20. Rxc5 Ne4 21. Rc1 Nd6 22. Nd3 Nb8 23. Nc5 Bd5 24. Be5 Ne4 25. Nxe4 Bxe4 26. f3 Bd5 27. e4 Bb3 28. Rc7 f6 29. Bc3 e5 30. g3 Be6 31. f4 exf4 32. gxf4 Rc8 33. Rxc8+ Bxc8 34. e5 fxe5 35. Bxe5 Nc6 36. Bc3 Kf7 37. Kf2 Ne7 38. Bf3 g6 39. Be5 Nf5 40. Bd5+ Ke7 41. Ke2 Be6 42. Bb7 Kd7 43. Kd3 Bc4+ 44. Ke4 Nd6+ 45. Bxd6 Kxd6 46. Bxa6 Bd5+ 47. Kd4 Bc6 48. Bc8 Be8 49. Bg4 Bc6 50. Be2 Bd7 51. Bd3 Be8 52. Be4 Bf7 53. Ke3 Be8 54. Kf3 Bd7 55. Kg3 Ke6 56. Bf3 Kf6 57. Be2 Bc6 58. Bg4 Be8 59. Kf3 Bc6+ 60. Ke3 Ke7 61. Kd4 Kd6 62. h4 Be8 63. Bd1 Bd7 64. Bb3 Be8 65. Bg8 h6 66. Bb3 Bd7 67. Bf7 Ke7 68. Bxg6 Kd6 69. Bd3 Be8 70. f5 Bc6 71. f6 Ke6 72. Kc5 Be8 73. Bxb5 1-0

[Event "Central FO-ch"]
[Site "Gagarin"]
[Date "2009.05.07"]
[Round "9"]
[White "Pecheritsa, Vitaly"]
[Black "Abramova, Yulia"]
[Result "1-0"]
[WhiteElo "2318"]
[BlackElo "1992"]
[PlyCount "107"]
[EventDate "2009.05.01"]
[EventType "swiss"]
[EventRounds "9"]
[EventCountry "RUS"]
[SourceTitle "CBM 130 Extra"]
[Source "ChessBase"]
[SourceDate "2009.07.02"]
[SourceVersion "2"]
[SourceVersionDate "2009.07.15"]
[SourceQuality "1"]

1. e4 e5 2. Nf3 Nf6 3. Nxe5 d6 4. Nf3 Nxe4 5. Nc3 Nxc3 6. dxc3 Nc6 7. Be3 Bg4 8. Qd2 Ne5 9. Be2 Nxf3+ 10. gxf3 Be6 11. 0-0-0 Be7 12. Kb1 Bf6 13. f4 Qd7 14. Bd4 Bxd4 15. Qxd4 0-0 16. Rhg1 f6 17. Bd3 Rae8 18. c4 Kh8 19. Qe4 f5 20. Qxb7 a5 21. Rg3 a4 22. Qa7 Rb8 23. Qd4 c5 24. Qc3 Rb7 25. Be2 Rfb8 26. b3 axb3 27. cxb3 Ra7 28. Rd2 Rb6 29. Re3 Qf7 30. Bh5 Qxh5 31. Rxe6 h6 32. h3 Rba6 33. Qe3 Rd7 34. Re8+ Kh7 35. Qe6 Qf7 36. Qxf7 Rxf7 37. Re6 Rd7 38. Kb2 g6 39. a3 Kg7 40. b4 Kf7 41. Re3 cxb4 42. axb4 Rda7 43. Kc3 Rb6 44. b5 Rc7 45. Kb4 Kf6 46. Ka5 Rcb7 47. Re8 Kf7 48. Rh8 h5 49. Rh7+ Ke6 50. Re2+ Kf6 51. Rxb7 Rxb7 52. b6 Rb8 53. Ka6 Ra8+ 54. Kb7 1-0

[Event "Tambov Korensky Memorial 17th"]
[Site "Tambov"]
[Date "2008.08.29"]
[Round "8"]
[White "Kupreichik, Viktor D"]
[Black "Pecheritsa, Vitaly"]
[Result "1/2-1/2"]
[WhiteElo "2403"]
[BlackElo "2308"]
[PlyCount "27"]
[EventDate "2008.08.23"]
[EventType "swiss"]
[EventRounds "9"]
[EventCountry "RUS"]
[SourceTitle "CBM 126 Extra"]
[Source "ChessBase"]
[SourceDate "2008.11.05"]
[SourceVersion "1"]
[SourceVersionDate "2008.11.05"]
[SourceQuality "1"]

1. e4 c5 2. Nf3 e6 3. g3 Nc6 4. Bg2 Nf6 5. Nc3 d5 6. exd5 exd5 7. d4 cxd4 8. Nxd4 Bb4 9. 0-0 Bxc3 10. bxc3 0-0 11. c4 Bg4 12. Nxc6 bxc6 13. Qd3 Re8 14. Be3 1/2-1/2

[Event "Tambov Korensky Memorial 17th"]
[Site "Tambov"]
[Date "2008.08.28"]
[Round "7"]
[White "Pecheritsa, Vitaly"]
[Black "Balashov, Yuri S"]
[Result "1-0"]
[WhiteElo "2308"]
[BlackElo "2407"]
[PlyCount "59"]
[EventDate "2008.08.23"]
[EventType "swiss"]
[EventRounds "9"]
[EventCountry "RUS"]
[SourceTitle "CBM 126 Extra"]
[Source "ChessBase"]
[SourceDate "2008.11.05"]
[SourceVersion "1"]
[SourceVersionDate "2008.11.05"]
[SourceQuality "1"]

1. e4 d6 2. d4 g6 3. Nc3 Bg7 4. Bg5 c6 5. Qd2 Qa5 6. f4 b5 7. Nf3 Bg4 8. Be2 Nd7 9. h3 Bxf3 10. Bxf3 e5 11. dxe5 dxe5 12. 0-0-0 Qc7 13. f5 Ngf6 14. g4 0-0-0 15. Qf2 Qb6 16. Qe2 Bf8 17. Bxf6 Nxf6 18. Rxd8+ Kxd8 19. g5 Ne8 20. fxg6 hxg6 21. Bg4 Be7 22. Kb1 Bxg5 23. Qd3+ Ke7 24. Qd7+ Kf8 25. Rf1 Be7 26. Qe6 Bf6 27. Rxf6 Nxf6 28. Qxf6 Qg1+ 29. Nd1 Rxh3 30. Qd6+ 1-0

[Event "Tambov Korensky Memorial 17th"]
[Site "Tambov"]
[Date "2008.08.24"]
[Round "3"]
[White "Sychev, Vladimir"]
[Black "Pecheritsa, Vitaly"]
[Result "1-0"]
[WhiteElo "2314"]
[BlackElo "2308"]
[PlyCount "103"]
[EventDate "2008.08.23"]
[EventType "swiss"]
[EventRounds "9"]
[EventCountry "RUS"]
[SourceTitle "CBM 126 Extra"]
[Source "ChessBase"]
[SourceDate "2008.11.05"]
[SourceVersion "1"]
[SourceVersionDate "2008.11.05"]
[SourceQuality "1"]

1. e4 c5 2. Nf3 e6 3. c4 Nc6 4. Nc3 d6 5. d4 cxd4 6. Nxd4 Nf6 7. Be2 Be7 8. Be3 0-0 9. 0-0 Nb8 10. Qd2 b6 11. Rfd1 a6 12. Rac1 Bb7 13. f3 Nbd7 14. Bf1 Rc8 15. b3 Qc7 16. Nde2 Qb8 17. Bf4 Ne5 18. Be3 Bc6 19. Nd4 Ba8 20. Bf2 Bd8 21. Nc2 Bc7 22. Kh1 Rcd8 23. Ne3 Ng6 24. Bg1 Rfe8 25. a4 h5 26. Qf2 h4 27. Be2 Rd7 28. Rd2 Qd8 29. Rcd1 Nh5 30. Nf1 Qg5 31. h3 Ngf4 32. Bh2 Rdd8 33. Bxf4 Nxf4 34. Nh2 b5 35. Bf1 bxc4 36. Bxc4 Nh5 37. Nf1 Ba5 38. Rc2 d5 39. exd5 exd5 40. Bxa6 Bxc3 41. Rxc3 Qf6 42. Rcd3 Qxa6 43. Qxh4 Nf6 44. Ne3 Re5 45. Nc2 Rde8 46. Nd4 Re1+ 47. Kh2 Rxd1 48. Rxd1 Bb7 49. Qg5 Nh7 50. Qf4 g6 51. Rc1 Qd3 52. Rc7 1-0

[Event "Saratov Aratovsky Memorial 6th"]
[Site "Saratov"]
[Date "2006.11.30"]
[Round "4"]
[White "Maiorov, Nikita"]
[Black "Pecheritsa, Vitaly"]
[Result "1/2-1/2"]
[WhiteElo "2481"]
[BlackElo "2300"]
[PlyCount "132"]
[EventDate "2006.11.27"]
[EventType "swiss"]
[EventRounds "9"]
[EventCountry "RUS"]
[SourceTitle "EXT 2008"]
[Source "ChessBase"]
[SourceDate "2007.11.25"]
[SourceVersion "1"]
[SourceVersionDate "2007.11.25"]
[SourceQuality "1"]

1. d4 Nf6 2. c4 g6 3. Nf3 Bg7 4. g3 0-0 5. Bg2 d6 6. 0-0 Nc6 7. Nc3 a6 8. b3 Rb8 9. Nd5 Nh5 10. Bb2 e6 11. Ne3 Ne7 12. Qc2 Bd7 13. Rfd1 f5 14. b4 h6 15. a4 g5 16. d5 Bxb2 17. Qxb2 e5 18. c5 Ng6 19. Nc4 Qf6 20. Nfd2 dxc5 21. bxc5 e4 22. Qa3 b5 23. Na5 Rbe8 24. c6 Bc8 25. axb5 axb5 26. d6 cxd6 27. Nf1 Re6 28. Nb7 d5 29. Rxd5 b4 30. Qa4 Rxc6 31. Na5 Rd6 32. Rxd6 Qxd6 33. Rd1 Qf6 34. Qxb4 Be6 35. Nc6 Ng7 36. Qc5 h5 37. Ne3 Kh8 38. Nc2 Rc8 39. N2b4 Kh7 40. e3 Rc7 41. Bf1 Rd7 42. Rc1 Bf7 43. Nd4 Ne5 44. Bb5 Rd8 45. Qa7 Ne6 46. Qb6 Kg6 47. Nxe6 Bxe6 48. Be2 Rd2 49. Qa6 g4 50. Rc2 Rxc2 51. Nxc2 Bb3 52. Qxf6+ Kxf6 53. Nd4 Bc4 54. Bd1 Nf3+ 55. Nxf3 exf3 56. Ba4 Bd3 57. Be8 Kg5 58. h3 Ba6 59. Bf7 Bd3 60. Kh2 Bf1 61. h4+ Kh6 62. Kg1 Bd3 63. Be8 Ba6 64. Bf7 Bd3 65. Kh2 Ba6 66. Kg1 Bd3 1/2-1/2

[Event "RUS-ch U14"]
[Site "Dagomys"]
[Date "2004.04.??"]
[Round "8"]
[White "Matsenko, Sergei"]
[Black "Pecheritsa, Vitaly"]
[Result "1/2-1/2"]
[WhiteElo "2178"]
[BlackElo "2221"]
[PlyCount "61"]
[EventDate "2004.04.??"]
[EventType "swiss"]
[EventRounds "10"]
[EventCountry "RUS"]
[SourceTitle "EXT 2005"]
[Source "ChessBase"]
[SourceDate "2004.11.15"]
[SourceVersion "1"]
[SourceVersionDate "2004.11.15"]
[SourceQuality "1"]

1. e4 c5 2. Nf3 e6 3. b3 Nf6 4. e5 Nd5 5. Bb2 Nc6 6. g3 Be7 7. c4 Nc7 8. Bg2 0-0 9. 0-0 b5 10. d3 Rb8 11. Nc3 f6 12. Ne4 fxe5 13. Nxe5 Nxe5 14. Bxe5 d6 15. Bc3 d5 16. Nd2 Bf6 17. Qc2 Bb7 18. Bxf6 Qxf6 19. cxd5 exd5 20. Qxc5 Qb2 21. Qc1 Qe5 22. Nf3 Qd6 23. d4 Ne6 24. Qd2 b4 25. Ne5 Rbc8 26. f4 Rc3 27. f5 Nc5 28. dxc5 Qxe5 29. Rae1 Qc7 30. Bxd5+ Bxd5 31. Qxd5+ 1/2-1/2